Statistics for Bourne Franchise

Click here to take the quiz!

General Stats

  • This quiz has been taken 9 times
  • The average score is 12 of 24

Answer Stats

TypeYearNameInfo% Correct
Film2016Jason BourneUniversal
100%
Film2002The Bourne IdentityUniversal
100%
Novel1980The Bourne IdentityRobert Ludlum
100%
TV Film1988The Bourne IdentityABC
100%
Film2004The Bourne SupremacyUniversal
100%
Novel1986The Bourne SupremacyRobert Ludlum
100%
Novel2004The Bourne LegacyEric Van Lustbader
80%
Film2012The Bourne LegacyUniversal
80%
Novel1990The Bourne UltimatumRobert Ludlum
80%
Film2007The Bourne UltimatumUniversal
80%
Video Game2008Robert Ludlum's The Bourne ConspiracyVivendi Games
40%
Novel2014The Bourne AscendancyEric Van Lustbader
20%
Novel2007The Bourne BetrayalEric Van Lustbader
20%
Novel2009The Bourne DeceptionEric Van Lustbader
20%
Novel2011The Bourne DominionEric Van Lustbader
20%
Novel2016The Bourne EnigmaEric Van Lustbader
20%
Novel2020The Bourne EvolutionBrian Freeman
20%
Novel2012The Bourne ImperativeEric Van Lustbader
20%
Novel2017The Bourne InitiativeEric Van Lustbader
20%
Novel2010The Bourne ObjectiveEric Van Lustbader
20%
Novel2013The Bourne RetributionEric Van Lustbader
20%
Novel2008The Bourne SanctionEric Van Lustbader
20%
Theme Park Attraction2020-PresentThe Bourne SpectacularUniversal Studios Orlando
20%
TV Show2019TreadstoneUSA Network
20%

Score Distribution

Percentile by Number Answered

Percent of People with Each Score

Your Score History

You have not taken this quiz